[Event "POL-chT 1st League"]
[Site "Sypniewo"]
[Date "2022.09.03"]
[Round "1.11"]
[White "Pilzak, Marcin"]
[Black "Koziorowicz, Michal"]
[Result "1-0"]
[WhiteElo "2082"]
[BlackElo "2312"]
[PlyCount "143"]
[EventDate "2022.09.03"]
[EventType "team-swiss"]
[EventRounds "9"]
[EventCountry "POL"]
[SourceTitle "CBM 210 Extra"]
[Source "ChessBase"]
[SourceDate "2022.11.30"]
[SourceVersion "1"]
[SourceVersionDate "2022.11.30"]
[SourceQuality "1"]
[WhiteTeam "Ostrow Wielkopolski"]
[BlackTeam "Rybnik"]
[WhiteTeamCountry "POL"]
[BlackTeamCountry "POL"]

1. d4 e6 2. c4 Nf6 3. g3 c5 4. Nf3 cxd4 5. Qxd4 Nc6 6. Qd1 Bb4+ 7. Nbd2 d5 8. cxd5 Nxd5 9. Bg2 0-0 10. 0-0 a5 11. e4 Nb6 12. e5 Qd3 13. a3 Be7 14. Re1 Rd8 15. Re3 Qf5 16. Qb3 Nd5 17. Re1 a4 18. Qc4 Bd7 19. Nh4 Bxh4 20. Qxh4 h6 21. Nc4 Kf8 22. Bxh6 gxh6 23. Qxh6+ Ke7 24. Qh4+ f6 25. Bxd5 Rh8 26. exf6+ Qxf6 27. Qxf6+ Kxf6 28. Nb6 exd5 29. Nxd7+ Kf5 30. Nb6 Rad8 31. Nxa4 Nd4 32. Red1 Nf3+ 33. Kg2 Kg4 34. h4 Rhf8 35. Nc5 Rd6 36. Ne4 Re6 37. Nd2 Nxh4+ 38. gxh4 Re2 39. Nf3 Rxf3 40. Rd4+ Rf4 41. Rxf4+ Kxf4 42. h5 Kg5 43. Rh1 Kh6 44. b3 d4 45. Rh3 Rd2 46. Kf1 d3 47. Ke1 Re2+ 48. Kd1 Rxf2 49. Rxd3 Rf5 50. Rh3 Rf2 51. a4 b5 52. axb5 Rf5 53. Kc2 Rxb5 54. Kc3 Rc5+ 55. Kd4 Rc8 56. b4 Rd8+ 57. Kc4 Rc8+ 58. Kb3 Rb8 59. Kc4 Rc8+ 60. Kd5 Rb8 61. Rb3 Kxh5 62. b5 Rd8+ 63. Kc6 Rc8+ 64. Kd7 Rc1 65. Rg3 Rd1+ 66. Kc7 Rc1+ 67. Kb7 Kh6 68. b6 Rb1 69. Kc7 Rc1+ 70. Kb8 Rb1 71. b7 Rb2 72. Rc3 1-0

[Event "Wroclaw Anderssen Memorial"]
[Site "Wroclaw"]
[Date "2022.07.30"]
[Round "9"]
[White "Anders, Marcin"]
[Black "Pilzak, Marcin"]
[Result "0-1"]
[WhiteElo "1533"]
[BlackElo "2082"]
[PlyCount "38"]
[EventDate "2022.07.30"]
[EventType "swiss (rapid)"]
[EventRounds "9"]
[EventCountry "POL"]
[SourceTitle "CBM 209 Extra"]
[Source "ChessBase"]
[SourceDate "2022.09.30"]
[SourceVersion "1"]
[SourceVersionDate "2022.09.30"]
[SourceQuality "1"]

1. e4 e6 2. g3 d5 3. exd5 exd5 4. Bg2 Nf6 5. d4 Be7 6. Ne2 0-0 7. 0-0 Bg4 8. h3 Bf5 9. c3 Re8 10. Re1 Qd7 11. Kh2 Nc6 12. Nd2 h6 13. Nf3 Ne4 14. g4 Nxf2 15. Qb3 Be4 16. Bf4 Nd3 17. Rf1 Nxf4 18. Nxf4 Bd6 19. Nd2 g5 0-1

[Event "Wroclaw Anderssen Memorial"]
[Site "Wroclaw"]
[Date "2022.07.30"]
[Round "4"]
[White "Mis, Mieszko"]
[Black "Pilzak, Marcin"]
[Result "1-0"]
[WhiteElo "2401"]
[BlackElo "2082"]
[PlyCount "137"]
[EventDate "2022.07.30"]
[EventType "swiss (rapid)"]
[EventRounds "9"]
[EventCountry "POL"]
[SourceTitle "CBM 209 Extra"]
[Source "ChessBase"]
[SourceDate "2022.09.30"]
[SourceVersion "1"]
[SourceVersionDate "2022.09.30"]
[SourceQuality "1"]

1. d4 d5 2. c4 e6 3. Nf3 c5 4. cxd5 exd5 5. Bg5 Be7 6. Bxe7 Nxe7 7. dxc5 Qa5+ 8. Nc3 Qxc5 9. e3 0-0 10. Rc1 Nbc6 11. Be2 Bg4 12. 0-0 Rad8 13. Nd4 Nxd4 14. exd4 Bxe2 15. dxc5 Bxd1 16. Rfxd1 a6 17. Rd4 Rd7 18. Rcd1 Rfd8 19. a3 f6 20. Na4 Nc6 21. R4d2 d4 22. Nb6 Re7 23. Nc4 Rd5 24. b4 a5 25. Rb2 axb4 26. axb4 d3 27. Ne3 Rdd7 28. Kf1 Re4 29. b5 Ne5 30. Rb3 Rc7 31. c6 bxc6 32. b6 Rb7 33. Nf5 Ra4 34. Nd6 Rb8 35. b7 c5 36. Rc3 Ra6 37. Ne4 c4 38. f4 Ng4 39. Rb1 Ra2 40. h3 Ne3+ 41. Kg1 Rxg2+ 42. Kh1 Ra2 43. Nc5 Ra7 44. Kg1 Kf8 45. Nd7+ Ke7 46. Nxb8 Kd6 47. Kf2 Rxb7 48. Rxb7 Nd1+ 49. Ke1 Nxc3 50. Kd2 Ne4+ 51. Ke3 Nc3 52. Rxg7 Nd5+ 53. Kd2 Nxf4 54. h4 h5 55. Na6 Kd5 56. Nb4+ Kd4 57. Rd7+ Ke4 58. Nc6 Ne2 59. Re7+ Kf4 60. Na5 Kg3 61. Nxc4 Nf4 62. Ne3 Kxh4 63. Rg7 Kh3 64. Nf5 Kh2 65. Ke3 Ne6 66. Rh7 Kg2 67. Kxd3 Kf3 68. Nd4+ Kg4 69. Nxe6 1-0

[Event "Wroclaw Anderssen Memorial"]
[Site "Wroclaw"]
[Date "2022.07.30"]
[Round "5"]
[White "Pilzak, Marcin"]
[Black "Latacz, Grzegorz"]
[Result "1/2-1/2"]
[WhiteElo "2082"]
[BlackElo "1449"]
[PlyCount "122"]
[EventDate "2022.07.30"]
[EventType "swiss (rapid)"]
[EventRounds "9"]
[EventCountry "POL"]
[SourceTitle "CBM 209 Extra"]
[Source "ChessBase"]
[SourceDate "2022.09.30"]
[SourceVersion "1"]
[SourceVersionDate "2022.09.30"]
[SourceQuality "1"]

1. d4 e6 2. c4 Nf6 3. g3 Bb4+ 4. Bd2 Qe7 5. Bg2 d6 6. Bxb4 0-0 7. e4 e5 8. d5 h5 9. h4 Ng4 10. Nf3 f5 11. Nbd2 f4 12. Qe2 a5 13. Bc3 c6 14. c5 cxd5 15. exd5 Bf5 16. cxd6 Qxd6 17. Nxe5 fxg3 18. f4 Re8 19. Ne4 Bxe4 20. Bxe4 Nd7 21. 0-0 Ndxe5 22. fxe5 Qc5+ 23. Kg2 Ne3+ 24. Kxg3 Nxf1+ 25. Rxf1 Rf8 26. Rxf8+ Rxf8 27. Bf3 Qg1+ 28. Qg2 Qe3 29. e6 Qf4+ 30. Kf2 Qxh4+ 31. Ke2 Qc4+ 32. Kd2 Qf4+ 33. Kc2 g5 34. Bxh5 Qf5+ 35. Kb3 Qf4 36. Bf7+ Rxf7 37. exf7+ Kxf7 38. Bxa5 b5 39. Kc2 Qc4+ 40. Bc3 b4 41. Qxg5 bxc3 42. Qf5+ Ke8 43. Qe5+ Kd8 44. Qd6+ Ke8 45. Qb8+ Kf7 46. Qb7+ Kf8 47. Qa8+ Ke7 48. Qa7+ Kd8 49. Qb6+ Ke7 50. Qe6+ Kd8 51. Qd6+ Ke8 52. Qb8+ Ke7 53. Qb7+ Kd8 54. Qa8+ Ke7 55. bxc3 Qe2+ 56. Kb3 Qb5+ 57. Ka3 Qc5+ 58. Ka4 Qc4+ 59. Ka3 Qxc3+ 60. Ka4 Qc4+ 61. Ka3 Qc3+ 1/2-1/2

[Event "POL-chT Academic"]
[Site "Chorzow"]
[Date "2022.04.02"]
[Round "1.16"]
[White "Miecznik, Albert"]
[Black "Pilzak, Marcin"]
[Result "0-1"]
[WhiteElo "1403"]
[BlackElo "1802"]
[PlyCount "67"]
[EventDate "2022.04.02"]
[EventType "team-swiss (rapid)"]
[EventRounds "9"]
[EventCountry "POL"]
[SourceTitle "EXT 2024"]
[Source "ChessBase"]
[SourceDate "2023.10.10"]
[SourceVersion "1"]
[SourceVersionDate "2023.10.10"]
[SourceQuality "1"]

1. e4 e5 2. Nf3 Nf6 3. Nc3 Bb4 4. Bc4 Nc6 5. d3 d5 6. exd5 Nxd5 7. Bd2 Nxc3 8. Bxc3 Bxc3+ 9. bxc3 Bg4 10. h3 Bh5 11. 0-0 0-0 12. g4 Bg6 13. Rb1 Rb8 14. Re1 Qd6 15. Ng5 Na5 16. Ne4 Bxe4 17. Rxe4 Nxc4 18. Rxc4 f5 19. Qf3 fxg4 20. Qxg4 Rf6 21. Qg2 b6 22. Rg4 Rf7 23. Re1 Rbf8 24. Re2 Qc5 25. c4 Qa3 26. Qd5 Qxa2 27. Qxe5 Qb1+ 28. Kg2 a5 29. Qd5 Qd1 30. Re7 c6 31. Rxg7+ Kxg7 32. Qg5+ Kh8 33. Qe5+ Rf6 34. Rf7 0-1

[Event "POL Cup op blitz"]
[Site "Lodz"]
[Date "2021.08.08"]
[Round "5"]
[White "Gumularz, Szymon"]
[Black "Pilzak, Marcin"]
[Result "1-0"]
[WhiteElo "2512"]
[BlackElo "2072"]
[PlyCount "47"]
[EventDate "2021.08.08"]
[EventType "swiss (blitz)"]
[EventRounds "13"]
[EventCountry "POL"]
[SourceTitle "CBM 203 Extra"]
[Source "ChessBase"]
[SourceDate "2021.09.30"]
[SourceVersion "1"]
[SourceVersionDate "2021.09.30"]
[SourceQuality "1"]

1. e4 e5 2. Nf3 Nc6 3. d4 exd4 4. Nxd4 Nf6 5. Nxc6 bxc6 6. e5 Qe7 7. Qe2 Nd5 8. h4 f6 9. c4 Ba6 10. Rh3 fxe5 11. Bg5 Nf6 12. Re3 d6 13. Qc2 Qe6 14. Qa4 Bb7 15. Rb3 Qc8 16. Nd2 Nd7 17. Rg3 Nc5 18. Qc2 Qe6 19. b4 Nd7 20. Bd3 g6 21. h5 gxh5 22. Bxh7 Kf7 23. Bf5 Qe8 24. Bg6+ 1-0

[Event "Wroclaw Anderssen Memorial"]
[Site "Wroclaw"]
[Date "2020.08.09"]
[Round "4"]
[White "Pilzak, Marcin"]
[Black "Cygan, Miroslaw"]
[Result "1-0"]
[WhiteElo "2072"]
[BlackElo "1393"]
[PlyCount "21"]
[EventDate "2020.08.09"]
[EventType "swiss"]
[EventRounds "11"]
[EventCountry "POL"]
[SourceTitle "CBM 197 Extra"]
[Source "ChessBase"]
[SourceDate "2020.09.30"]
[SourceVersion "1"]
[SourceVersionDate "2020.09.30"]
[SourceQuality "1"]

1. e4 e6 2. d4 Nf6 3. e5 Nd5 4. Nf3 Be7 5. Bd3 0-0 6. h4 d6 7. Bxh7+ Kxh7 8. Ng5+ Kg8 9. Qh5 Bxg5 10. hxg5 f5 11. g6 1-0

[Event "Wroclaw Anderssen Memorial"]
[Site "Wroclaw"]
[Date "2020.08.09"]
[Round "10"]
[White "Pilzak, Marcin"]
[Black "Kuska, Bernard"]
[Result "1-0"]
[WhiteElo "2072"]
[BlackElo "1632"]
[PlyCount "61"]
[EventDate "2020.08.09"]
[EventType "swiss"]
[EventRounds "11"]
[EventCountry "POL"]
[SourceTitle "CBM 197 Extra"]
[Source "ChessBase"]
[SourceDate "2020.09.30"]
[SourceVersion "1"]
[SourceVersionDate "2020.09.30"]
[SourceQuality "1"]

1. e4 e6 2. d4 d5 3. Nc3 Bb4 4. e5 c5 5. a3 cxd4 6. axb4 dxc3 7. bxc3 Qc7 8. Qd4 Nc6 9. Bb5 Nge7 10. Bf4 Bd7 11. Bxc6 Qxc6 12. Ne2 Nf5 13. Qd3 0-0 14. 0-0 Rfc8 15. Ra5 a6 16. g4 Ne7 17. Rc5 Qb6 18. Be3 Qd8 19. Rxc8 Rxc8 20. Nd4 Nc6 21. Nxc6 Bxc6 22. Qd2 Qh4 23. f3 Qh3 24. Bd4 h5 25. Qg5 a5 26. bxa5 Ra8 27. Bb6 Bb5 28. Rf2 Rc8 29. Bd4 Ra8 30. gxh5 Rxa5 31. Qd8+ 1-0

[Event "Wroclaw Anderssen Memorial"]
[Site "Wroclaw"]
[Date "2020.08.09"]
[Round "2"]
[White "Przybylski, Wojciech"]
[Black "Pilzak, Marcin"]
[Result "1/2-1/2"]
[WhiteElo "2321"]
[BlackElo "2072"]
[PlyCount "302"]
[EventDate "2020.08.09"]
[EventType "swiss"]
[EventRounds "11"]
[EventCountry "POL"]
[SourceTitle "CBM 197 Extra"]
[Source "ChessBase"]
[SourceDate "2020.09.30"]
[SourceVersion "1"]
[SourceVersionDate "2020.09.30"]
[SourceQuality "1"]

1. e4 e5 2. Nf3 Nc6 3. Bb5 a6 4. Bxc6 dxc6 5. d4 exd4 6. Qxd4 Qxd4 7. Nxd4 Bd6 8. Be3 Ne7 9. Nd2 f5 10. exf5 Nxf5 11. Nxf5 Bxf5 12. 0-0-0 0-0-0 13. Nc4 Be6 14. Nxd6+ cxd6 15. Bb6 Rd7 16. Rhe1 Bg4 17. Rd4 Bh5 18. Re6 Re8 19. Rxe8+ Bxe8 20. Re4 Bg6 21. Re3 Rf7 22. Re8+ Kd7 23. Rd8+ Ke7 24. Rb8 Ke6 25. Bd4 c5 26. Be3 Be4 27. f3 Bd5 28. b3 Bc6 29. Kd2 Re7 30. Rf8 Rf7 31. Rd8 Rd7 32. Rh8 h6 33. Bf4 d5 34. Rc8 d4 35. h4 Re7 36. Rd8 Rd7 37. Re8+ Re7 38. Rg8 Bb5 39. Rc8 Kd5 40. Rd8+ Kc6 41. Rd6+ Kc7 42. Rxa6+ Kc8 43. Ra8+ Kd7 44. c4 dxc3+ 45. Kxc3 Re2 46. a4 Bc6 47. g3 Bxf3 48. Rg8 g5 49. hxg5 hxg5 50. Rxg5 b6 51. a5 Be4 52. Bd2 Kc6 53. axb6 Kxb6 54. Re5 Bf3 55. Rf5 Bg4 56. Rf6+ Kb5 57. Rf4 Be6 58. Rf8 Rg2 59. Bf4 Rg1 60. Re8 Bd5 61. Rb8+ Ka6 62. Rc8 Rb1 63. Rb8 Ka7 64. Rb5 Ka6 65. Rxc5 Rxb3+ 66. Kd4 Bg8 67. Rc8 Bf7 68. Ke5 Kb7 69. Rc1 Rb6 70. Kf5 Rc6 71. Re1 Kc8 72. g4 Kd7 73. Rd1+ Ke8 74. Ra1 Bg6+ 75. Kg5 Bc2 76. Ra8+ Kf7 77. Ra7+ Kg8 78. Be5 Re6 79. Ra8+ Kf7 80. Kf4 Bd1 81. g5 Bc2 82. Rc8 Bb1 83. Rc7+ Re7 84. Rc1 Bg6 85. Rc6 Re6 86. Rc8 Re8 87. Rc7+ Re7 88. Rc1 Re6 89. Rf1 Re8 90. Ra1 Re6 91. Ra5 Re8 92. Ra4 Re6 93. Bf6 Rxf6+ 94. gxf6 Kxf6 95. Ra6+ Kg7 96. Kg5 Bh7 97. Ra8 Bg8 98. Ra7+ Kh8 99. Kg6 Bc4 100. Rh7+ Kg8 101. Rg7+ Kh8 102. Rh7+ Kg8 103. Rc7 Bd3+ 104. Kf6 Kh8 105. Kf7 Be4 106. Rc5 Bd3 107. Rc7 Be4 108. Rc5 Bd3 109. Rc8+ Kh7 110. Rc3 Bg6+ 111. Kf6 Be4 112. Re3 Bc2 113. Rh3+ Kg8 114. Rg3+ Kh8 115. Kf7 Be4 116. Rg5 Bd3 117. Rg4 Bc2 118. Rh4+ Bh7 119. Rd4 Bg8+ 120. Kg6 Bb3 121. Rd8+ Bg8 122. Rd2 Bc4 123. Rd4 Bb3 124. Rb4 Bc2+ 125. Kf7 Bd3 126. Rd4 Bc2 127. Rh4+ Bh7 128. Rg4 Bd3 129. Rg7 Bc4+ 130. Kf8 Bd3 131. Rg4 Bc2 132. Rh4+ Bh7 133. Rb4 Bg6 134. Rb7 Be4 135. Rd7 Bf5 136. Rd8 Bc2 137. Rd2 Be4 138. Kf7 Bb1 139. Rh2+ Bh7 140. Kf6 Kg8 141. Rg2+ Kh8 142. Rb2 Bg8 143. Rb8 Kh7 144. Rb7+ Kh8 145. Kg6 Bd5 146. Rd7 Be4+ 147. Kh6 Kg8 148. Re7 Bd5 149. Kg6 Kh8 150. Re5 Bc4 151. Re3 Bd5 1/2-1/2

[Event "Wroclaw Anderssen Memorial"]
[Site "Wroclaw"]
[Date "2020.08.09"]
[Round "11"]
[White "Reza, Wojciech"]
[Black "Pilzak, Marcin"]
[Result "1-0"]
[WhiteElo "2273"]
[BlackElo "2072"]
[PlyCount "119"]
[EventDate "2020.08.09"]
[EventType "swiss"]
[EventRounds "11"]
[EventCountry "POL"]
[SourceTitle "CBM 197 Extra"]
[Source "ChessBase"]
[SourceDate "2020.09.30"]
[SourceVersion "1"]
[SourceVersionDate "2020.09.30"]
[SourceQuality "1"]

1. e4 e5 2. Nf3 Nc6 3. Bb5 a6 4. Ba4 d6 5. c3 f5 6. d3 Nf6 7. Nbd2 Be7 8. 0-0 b5 9. Bb3 Na5 10. Bc2 0-0 11. b4 Nc6 12. a4 Bd7 13. Bb3+ Kh8 14. Ng5 d5 15. exd5 Nxd5 16. Bxd5 Bxg5 17. Nf3 Bf6 18. axb5 axb5 19. Rxa8 Qxa8 20. Ng5 Qe8 21. Re1 Qg6 22. Ne6 Rc8 23. Nc5 Ne7 24. Bf3 Be8 25. Bd2 Bc6 26. Bxc6 Nxc6 27. Qf3 Ne7 28. Qb7 c6 29. Ra1 h6 30. h3 Kh7 31. Ne6 Qf7 32. Qd7 Qh5 33. Be3 Rg8 34. Bc5 Nd5 35. Qxc6 Nxc3 36. Be3 Ne2+ 37. Kf1 f4 38. Bb6 f3 39. Qxf3 Qxf3 40. gxf3 Nf4 41. Nxf4 exf4 42. Rd1 Bc3 43. Bc5 Rd8 44. d4 Rd5 45. Ke2 Kg6 46. Kd3 Bb2 47. Rb1 Ba3 48. Kc2 Rh5 49. Rb3 Bxb4 50. Bxb4 Kf6 51. Bd2 Rxh3 52. Bxf4 g5 53. Bg3 h5 54. Rxb5 h4 55. Be5+ Ke6 56. Rb6+ Kd5 57. Rf6 Rh1 58. Rg6 Rf1 59. Kd3 Rxf2 60. Rd6# 1-0

[Event "POL-chT U20 1st League"]
[Site "Suchedniow"]
[Date "2016.07.31"]
[Round "9.1"]
[White "Mockun, Dawid"]
[Black "Pilzak, Marcin"]
[Result "0-1"]
[WhiteElo "2061"]
[BlackElo "2010"]
[PlyCount "46"]
[EventDate "2016.07.23"]
[EventType "team-tourn"]
[EventRounds "9"]
[EventCountry "POL"]
[SourceTitle "EXT 2019"]
[Source "ChessBase"]
[SourceDate "2018.10.10"]
[SourceVersion "1"]
[SourceVersionDate "2018.10.10"]
[SourceQuality "1"]

1. Nf3 Nf6 2. g3 d5 3. Bg2 c6 4. d3 Bg4 5. 0-0 Nbd7 6. b3 e5 7. Bb2 Bd6 8. Nbd2 0-0 9. e4 Qc7 10. h3 Bh5 11. g4 Bg6 12. Nh4 dxe4 13. dxe4 Rad8 14. Nf5 Rfe8 15. Qe2 b5 16. Bf3 Bb4 17. Rfd1 Nf8 18. Nf1 Ne6 19. N1g3 Bc5 20. c3 Qb6 21. h4 Nf4 22. Qf1 Bxf2+ 23. Qxf2 Nh3+ 0-1

[Event "POL-chT U20 1st League"]
[Site "Suchedniow"]
[Date "2016.07.26"]
[Round "4.1"]
[White "Pilzak, Marcin"]
[Black "Niekras, Dawid"]
[Result "1/2-1/2"]
[WhiteElo "2010"]
[BlackElo "2255"]
[PlyCount "92"]
[EventDate "2016.07.23"]
[EventType "team-tourn"]
[EventRounds "9"]
[EventCountry "POL"]
[SourceTitle "EXT 2019"]
[Source "ChessBase"]
[SourceDate "2018.10.10"]
[SourceVersion "1"]
[SourceVersionDate "2018.10.10"]
[SourceQuality "1"]

1. e4 c5 2. Nf3 d6 3. Bb5+ Bd7 4. Bxd7+ Qxd7 5. c4 Nf6 6. Nc3 g6 7. d4 cxd4 8. Nxd4 Bg7 9. f3 0-0 10. Be3 Nc6 11. 0-0 Rfc8 12. b3 Rab8 13. Rc1 a6 14. a4 Qd8 15. Qd2 Nd7 16. Rfd1 Nc5 17. Rb1 Ne5 18. Nd5 e6 19. Nc3 Qe7 20. h3 Rd8 21. Nde2 f5 22. f4 Nf7 23. exf5 gxf5 24. Bd4 Bf6 25. Ng3 Bxd4+ 26. Qxd4 Qh4 27. Kh2 Nh6 28. Nce2 Ng4+ 29. Kg1 Nf6 30. Qe3 Nce4 31. Nxe4 Nxe4 32. Rd3 Kf7 33. Nc3 Nxc3 34. Rxc3 Qe7 35. Rd3 Rbc8 36. Rbd1 Rc6 37. Qe2 Qf6 38. R1d2 Ke7 39. Rd4 Qg6 40. b4 Qf6 41. Qd3 Kf7 42. Kh2 Qe7 43. c5 d5 44. a5 Rg8 45. Qf3 Qf6 46. g3 Qe7 1/2-1/2

[Event "POL-chT3 Wielkopolskie 1516"]
[Site "Poland"]
[Date "2016.01.17"]
[Round "2.7"]
[White "Bialkowski, Adam"]
[Black "Pilzak, Marcin"]
[Result "1-0"]
[WhiteElo "1843"]
[BlackElo "2004"]
[PlyCount "105"]
[EventDate "2016.01.10"]
[EventType "team-tourn"]
[EventRounds "11"]
[EventCountry "POL"]
[SourceTitle "EXT 2019"]
[Source "ChessBase"]
[SourceDate "2018.10.10"]
[SourceVersion "1"]
[SourceVersionDate "2018.10.10"]
[SourceQuality "1"]

1. Nf3 Nf6 2. g3 d5 3. d4 Bf5 4. Bg2 e6 5. c4 c6 6. cxd5 exd5 7. Nc3 Bd6 8. Bg5 Nbd7 9. 0-0 h6 10. Bxf6 Nxf6 11. Re1 0-0 12. Nh4 Bh7 13. e4 dxe4 14. Nxe4 Bb4 15. Nc3 Qa5 16. Qb3 Rfe8 17. a3 Bxc3 18. bxc3 Qc7 19. Nf3 Be4 20. Nd2 Bxg2 21. Kxg2 c5 22. d5 c4 23. Qxc4 Qxc4 24. Nxc4 Nxd5 25. Nd6 Rxe1 26. Rxe1 Kf8 27. c4 Nb6 28. c5 Nd7 29. Nxb7 Rc8 30. Nd6 Rd8 31. c6 Nb6 32. Nb5 Rd5 33. Nxa7 Rc5 34. Rb1 Nc4 35. Rb5 Rxb5 36. Nxb5 Ke7 37. Kf3 Ne5+ 38. Ke4 Nxc6 39. Nd4 Na5 40. Kd5 Kf6 41. a4 Kg5 42. h3 g6 43. Nc6 Nb7 44. a5 Nxa5 45. Nxa5 h5 46. Ke4 f5+ 47. Kf3 h4 48. Nc4 Kh5 49. Ne3 Kg5 50. g4 fxg4+ 51. hxg4 h3 52. Kg3 h2 53. f4+ 1-0

[Event "POL-chT3 Wielkopolskie 1516"]
[Site "Poland"]
[Date "2016.01.10"]
[Round "1.1"]
[White "Zakrzewski, Marek"]
[Black "Pilzak, Marcin"]
[Result "0-1"]
[WhiteElo "2206"]
[BlackElo "2004"]
[PlyCount "77"]
[EventDate "2016.01.10"]
[EventType "team-tourn"]
[EventRounds "11"]
[EventCountry "POL"]
[SourceTitle "EXT 2019"]
[Source "ChessBase"]
[SourceDate "2018.10.10"]
[SourceVersion "1"]
[SourceVersionDate "2018.10.10"]
[SourceQuality "1"]

1. e4 e6 2. d4 d5 3. Nd2 c5 4. exd5 exd5 5. Ngf3 Nc6 6. Bb5 Bd6 7. 0-0 cxd4 8. Nb3 Nge7 9. Nbxd4 0-0 10. Bg5 Qb6 11. Qd2 Nxd4 12. Nxd4 Nc6 13. Bxc6 bxc6 14. b3 Re8 15. Rfe1 Bd7 16. c3 Qc7 17. h3 h6 18. Be3 Re4 19. b4 Rae8 20. f3 R4e5 21. Bf2 Qc8 22. Rxe5 Bxe5 23. Nb3 a6 24. Bd4 Bb8 25. Re1 Rxe1+ 26. Qxe1 Qc7 27. Nc5 Qh2+ 28. Kf1 Qh1+ 29. Bg1 Bh2 30. Qe3 Bf5 31. g4 Bxg1 32. Qxg1 Qxf3+ 33. Qf2 Qxh3+ 34. Ke2 Qxg4+ 35. Kd2 Qg5+ 36. Kd1 Bg4+ 37. Kc2 Qf5+ 38. Qxf5 Bxf5+ 39. Kd2 0-1

[Event "POL-chT U19 2nd League"]
[Site "Iwonicz"]
[Date "2015.08.01"]
[Round "2.8"]
[White "Konopacka, Martyna"]
[Black "Pilzak, Marcin"]
[Result "0-1"]
[WhiteElo "1833"]
[BlackElo "2131"]
[PlyCount "102"]
[EventDate "2015.07.25"]
[EventType "team-swiss"]
[EventRounds "11"]
[EventCountry "POL"]
[SourceTitle "EXT 2019"]
[Source "ChessBase"]
[SourceDate "2018.10.10"]
[SourceVersion "1"]
[SourceVersionDate "2018.10.10"]
[SourceQuality "1"]
[WhiteTeam "Jaworzno JKSz MCKiS U19"]
[BlackTeam "Leszno Wieniawa U19"]
[WhiteTeamCountry "POL"]
[BlackTeamCountry "POL"]

1. e4 e6 2. d4 d5 3. exd5 exd5 4. Bd3 Bd6 5. Nf3 Ne7 6. 0-0 0-0 7. c3 Bf5 8. Re1 c6 9. Qc2 Bxd3 10. Qxd3 Qd7 11. Nbd2 Na6 12. Nf1 Qf5 13. Qxf5 Nxf5 14. Ne3 Nxe3 15. Bxe3 Rfe8 16. h3 f6 17. Kf1 Kf7 18. g3 Re6 19. Re2 Rae8 20. Rae1 b5 21. a3 Nc7 22. Nh4 Na8 23. Ng2 Nb6 24. Bf4 Bf8 25. Rxe6 Rxe6 26. Rxe6 Kxe6 27. Bb8 a5 28. Nf4+ Kd7 29. Nd3 Nc4 30. Ke2 a4 31. Kd1 h5 32. h4 Ke6 33. Bf4 Kf5 34. Bc1 Bd6 35. Ke2 Kg4 36. Ne1 g5 37. Nf3 Bb8 38. Nh2+ Kf5 39. Nf3 Bc7 40. hxg5 fxg5 41. Nxg5 Nxb2 42. Bxb2 Kxg5 43. Kf3 Kf5 44. Bc1 Bd6 45. Bb2 Be7 46. Bc1 Bf8 47. Bb2 Bh6 48. Ba1 Bc1 49. Ke2 Kg4 50. Kf1 Kf3 51. Ke1 Bxa3 0-1

[Event "POL-chT U19 2nd League"]
[Site "Iwonicz"]
[Date "2015.08.01"]
[Round "6.26"]
[White "Matlewski, Adam"]
[Black "Pilzak, Marcin"]
[Result "0-1"]
[WhiteElo "1794"]
[BlackElo "2131"]
[PlyCount "46"]
[EventDate "2015.07.25"]
[EventType "team-swiss"]
[EventRounds "11"]
[EventCountry "POL"]
[SourceTitle "EXT 2019"]
[Source "ChessBase"]
[SourceDate "2018.10.10"]
[SourceVersion "1"]
[SourceVersionDate "2018.10.10"]
[SourceQuality "1"]
[WhiteTeam "Konin UKS Smecz U19"]
[BlackTeam "Leszno Wieniawa U19"]
[WhiteTeamCountry "POL"]
[BlackTeamCountry "POL"]

1. d4 Nf6 2. c4 e6 3. Nf3 c5 4. d5 b5 5. dxe6 fxe6 6. cxb5 d5 7. e3 Bd6 8. Be2 0-0 9. Nc3 Nbd7 10. 0-0 Qe7 11. a4 Bb7 12. a5 Rad8 13. b6 axb6 14. a6 Ra8 15. Bd2 Bc8 16. Qa4 c4 17. a7 Nc5 18. Qc6 Bb7 19. Qxb6 Nb3 20. Ra5 Bc7 21. Qb5 Bxa5 22. Nxd5 Bxd5 23. Bxa5 Nxa5 0-1

[Event "Lazy op 11th"]
[Site "Lazy"]
[Date "2015.07.03"]
[Round "6"]
[White "Pilzak, Marcin"]
[Black "Nowicki, Bartosz"]
[Result "0-1"]
[WhiteElo "2145"]
[BlackElo "2018"]
[PlyCount "142"]
[EventDate "2015.06.28"]
[EventType "swiss"]
[EventRounds "9"]
[EventCountry "POL"]
[SourceTitle "CBM 167 Extra"]
[Source "ChessBase"]
[SourceDate "2015.09.14"]
[SourceVersion "1"]
[SourceVersionDate "2015.09.14"]
[SourceQuality "1"]

1. e4 c5 2. Nf3 d6 3. d4 cxd4 4. Nxd4 Nf6 5. Nc3 Nc6 6. Bg5 e6 7. Qd2 a6 8. 0-0-0 h6 9. Nxc6 bxc6 10. Bf4 d5 11. Be2 Bb4 12. a3 Ba5 13. Qe3 0-0 14. e5 Nd7 15. Qg3 Bc7 16. Bd3 Ra7 17. Rde1 f5 18. Bxh6 Bxe5 19. Rxe5 Nxe5 20. Be2 Ng4 21. Bd2 Nf6 22. f3 Re8 23. h4 Qc7 24. Qf2 e5 25. h5 d4 26. Na4 Qf7 27. b3 Be6 28. Nc5 Bd5 29. h6 Qg6 30. Rh3 f4 31. Bd3 Qg5 32. g3 Nh5 33. Qh2 Nxg3 34. hxg7 Rxg7 35. Rh8+ Kf7 36. Rxe8 Kxe8 37. Qh8+ Rg8 38. Qh3 Qe7 39. Nxa6 Bxf3 40. Bb4 Bg4 41. Qh6 Qd7 42. Nc5 Qd5 43. Kb2 Be2 44. Bg6+ Kd8 45. Qh4+ Kc8 46. Qh7 Rxg6 47. Qxg6 Bh5 48. Qg7 Qf7 49. Qh8+ Qe8 50. Qh7 Qf7 51. Qh8+ Qe8 52. Qh7 Qf7 53. Qd3 Be2 54. Qd2 Qd5 55. Nd3 Bxd3 56. Qxd3 e4 57. Qa6+ Kd7 58. Qb7+ Ke6 59. Qh7 e3 60. Qg6+ Ke5 61. Bf8 Nf5 62. Bg7+ Nxg7 63. Qxg7+ Ke4 64. Qg2+ Kf5 65. Qh2 Qf3 66. Qh7+ Kg4 67. Qg7+ Kh3 68. Qh8+ Kg2 69. Qxd4 e2 70. Qe5 Kf2 71. Qd4+ Qe3 0-1

[Event "Lazy op 11th"]
[Site "Lazy"]
[Date "2015.07.01"]
[Round "4"]
[White "Pilzak, Marcin"]
[Black "Karwowski, Kacper"]
[Result "1/2-1/2"]
[WhiteElo "2145"]
[BlackElo "2003"]
[PlyCount "61"]
[EventDate "2015.06.28"]
[EventType "swiss"]
[EventRounds "9"]
[EventCountry "POL"]
[SourceTitle "CBM 167 Extra"]
[Source "ChessBase"]
[SourceDate "2015.09.14"]
[SourceVersion "1"]
[SourceVersionDate "2015.09.14"]
[SourceQuality "1"]

1. e4 c5 2. Nf3 d6 3. d4 Nf6 4. Nc3 cxd4 5. Nxd4 a6 6. Be2 e5 7. Nb3 Be7 8. 0-0 0-0 9. Be3 Qc7 10. Bg5 Be6 11. Bxf6 Bxf6 12. Nd5 Bxd5 13. Qxd5 Nc6 14. Rfd1 Rfd8 15. Qd2 Rac8 16. Bg4 Rb8 17. g3 Qb6 18. h4 Nd4 19. Qe3 Qc6 20. Rac1 d5 21. exd5 Rxd5 22. c3 Nxb3 23. axb3 Rbd8 24. Rxd5 Qxd5 25. Rd1 Qb5 26. Rxd8+ Bxd8 27. Be2 Qxb3 28. Qxe5 Qe6 29. Qb8 Qe7 30. h5 a5 31. Bf3 1/2-1/2